|
|
|
|
| LEADER |
00870nam a2200253 b 4500 |
| 001 |
c000065983 |
| 003 |
CARM |
| 005 |
00000000000000.0 |
| 008 |
821013s1980 enk b 00000 eng d |
| 019 |
1 |
|
|a 2314560
|5 LACONCORD2021
|
| 020 |
|
|
|a 0901618268 (pbk.)
|
| 035 |
|
|
|a (OCoLC)7032758
|5 LACONCORD2021
|
| 040 |
|
|
|a WU
|c WU
|
| 043 |
|
|
|a e-uk---
|
| 245 |
0 |
0 |
|a British educational reference books /
|c the British Council.
|
| 260 |
|
|
|a London :
|b The Council,
|c c1980.
|
| 300 |
|
|
|a 24 leaves.
|
| 500 |
|
|
|a Cover title.
|
| 650 |
|
0 |
|a Education
|z Great Britain
|x Bibliography.
|
| 710 |
2 |
0 |
|a British Council.
|
| 852 |
8 |
|
|b CARM
|h A2:AF29D0
|i D01041
|p 0037618
|f BK
|
| 082 |
0 |
4 |
|a 370.941016
|2 19
|
| 999 |
f |
f |
|i da34902f-53a9-5ee8-8a02-a699121a260e
|s f3e7083e-3dd0-5a3f-903a-45acedd240c8
|
| 952 |
f |
f |
|p Can circulate
|a CAVAL
|b CAVAL
|c CAVAL
|d CARM 1 Store
|e D01041
|f A2:AF29D0
|h Other scheme
|i book
|m 0037618
|